000 00796nam a2200277 i 4500
001 92637
003 ES-MaACL
005 20230906181024.0
007 t|
008 050411s1995 sp |||| | spa d
020 _a84-7880-449-8
080 _a930.85(4)"09/10"
100 1 _aPognon, Edmond.
_992733
245 1 3 _aLa vida cotidiana en el año 1000 /
_cEdmond Pognon.
250 _a2ª ed.
260 _aMadrid :
_bTemas de Hoy,
_c1995.
300 _a349 p. ;
_c18 cm.
490 1 _aBolsitemas ;
_v38
504 _aBibliografía: p. [345]-349.
650 4 _aAño mil.
_9167983
650 4 _aCivilización medieval.
_9146249
651 4 _aEuropa-
_xUsos y costumbres-
_yS.V-XV.
_9167984
830 0 _aBolsitemas ;
_v38
_9184267
852 _aES-MaACL
_jE-10935
999 _c92637
_d92637